| 000 | 01134nam a2200253Ia 4500 | ||
|---|---|---|---|
| 999 |
_c36911 _d36911 |
||
| 001 | 2862 | ||
| 003 | GE_BSU | ||
| 005 | 20190610210308.0 | ||
| 008 | 181216s2012||||ge |||||||||||||| ||geo|| | ||
| 020 | _a9789941926012 | ||
| 040 | _cGE_BSU | ||
| 041 | _ageo | ||
| 080 | _a168.35 შ–94 | ||
| 100 |
_aშულცი, ქეთრინ _92384 |
||
| 245 |
_aროცა ცდები = Being wrong : _bთავგადასავალი შეცდომის ზღვარზე / _cქეთრინ შულცი ; მთარგმნ. ხათუნა ახობაძე ; რედ. ცირა ბარქაია |
||
| 264 |
_aთბილისი : _bრადარამი, _c2012. |
||
| 300 |
_a458 გვ. _b20 სმ. |
||
| 500 | _aშენიშვნ.: გვ. 396-458. | ||
| 653 | _aშეცდომები | ||
| 653 | _aშეცდომების აღიარება | ||
| 700 |
_aახობაძე, ხათუნა _eმთარგმნელი _92385 |
||
| 700 |
_aბარქაია, ცირა _eრედაქტორი _92386 |
||
| 942 |
_cBK _2udc |
||